01044nam a2200301 a 450000100060000000300090000600500170001500600090003200800410004101500120008201700500009402000180014403500210016204000280018304100130021108000250022408200150024910000270026424501680029126000610045930000430052033600690056333700300063249000330066265000120069565000160070770000190072325412CO-ViMGA20230915224032.0a5425009141112s2004 ck r 000 u spa d aMON1311 aGI 515 - 2013 Oficina Depósito Legal Girona a9788490244418 a(OCoLC)864158532 aCO-ViMGAbspacCO-ViMGA aspabeng a821.111(73) - 91"19" a741.5 S31d1 aShanower, Eric 1963 - 10aDorothy y el mago en Oz / cadaptación de la novela de L. Frank Baum ; Eric Shanower, Skottie Young, Jean - Francois Beaulieu ; [traducción, Santiago García] a[Torroella de Montgri, cGirona] Panini Comics D.L. 2012 a[192] p. principalmente il. col. 27 cm aImagen (fija ; bidimensional ;visual) Texto (visual) isbdcontent asin mediación isbdmedia aClásicos ilustrados Marvel14aComics 14aHistorietas1 aYoung, Skottie